书目信息 |
| 书名: | Eastern Europe in revolution | |
| 作者: | edited by Ivo Banac. | |
| 分册号: | ||
| 分册名: | 出版地: | Ithaca, N.Y. : |
|
| 出版社: | Cornell University Press | |
| 出版时间: | 1992. | |
| 页数: | x, 255 p. : | |
| 开本: | 24 cm. | |
| 丛书名: | ||
| 中图分类号: | ||
| 科图分类号: | ||
| 其他分类号: | K54 | |
| 主题词: | ||
| 电子资源: | ||
| 000 | 01156cam a2200313 a 450 | |
| 001 | E0730764904 | |
| 005 | 20070426083414.84 | |
| 008 | 910624s1992 nyua b 001 0 eng | |
| 010 | @a91057903 | |
| 020 | @a0801427118 (cloth : alk. paper). | |
| 020 | @a0801499976 (paper : alk. paper). | |
| 035 | @A(DLC) 91057903 | |
| 040 | @aDLC@cDLC@dDLC | |
| 043 | @aee----- | |
| 050 | 00 | @aDJK51@bE265 1992 |
| 082 | 00 | @a943/.0009717@2 20 |
| 090 | @aK54 | |
| 099 | @dK54@ex3 | |
| 245 | 00 | @aEastern Europe in revolution / @cedited by Ivo Banac. |
| 260 | @aIthaca, N.Y. :@bCornell University Press,@c1992. | |
| 300 | @ax, 255 p. :@bill. ;@c24 cm. | |
| 500 | @aPartial proceedings of a conference held at Yale on Nov. 5, 1990. | |
| 504 | @aIncludes bibliographical references and index. | |
| 651 | 0 | @aEurope, Eastern@xPolitics and government@y1989- |
| 700 | 1 | @aBanac, Ivo. |
| 906 | @a7@bcbc@corignew@d1@eocip@f19@gy-gencatlg | |
| 922 | @aad | |
| 955 | @apn06 06-24-91; pc20 to bc00 08-27-91; bc27 to SCD 08-28-91; fc06 08-29-91; fm27 09-04-91; CIP ver. br28 to SL 03-04-92 | |
| 991 | @bc-GenColl@hDJK51@iE265 1992@p00017707747@tCopy 1@wBOOKS | |
| Eastern Europe in revolution / / edited by Ivo Banac.-Ithaca, N.Y. : : Cornell University Press, , 1992. |
| x, 255 p. : : ill. ; ; 24 cm. |
| Partial proceedings of a conference held at Yale on Nov. 5, 1990.-Includes bibliographical references and index. |
| ISBN 0801427118 (cloth : alk. paper). |
| ● |
| 相关链接 |
|
|
|
|
正题名:Eastern Europe in revolution
索取号:K54/x3
 
预约/预借
| 序号 | 登录号 | 条形码 | 馆藏地/架位号 | 状态 | 备注 |
| 1 | 5297 | 300052975 | 第二样本阅览室/ [索取号:K54/x3] | 在馆 |